000 00727nam a2200193 i 4500
001 185924
003 ES-MaACL
005 20250809025051.0
008 160823m18871890sp |||| | spa d
100 1 _aOlivart, Ramón María de Dalmau,
_cMarqués de,
_d1861-1928
_9130617
245 1 0 _aTratado y notas de derecho internacional público /
_cpor el Marqués de Olivart.
260 _aMadrid :
_bManuel Murillo,
_c1887-1890.
300 _a3 v. ;
_c22 cm.
500 _aEl T. III: Indice-Repertorio / por Ramón Estalella, publicado en 1890.
650 0 7 _aDerecho internacional público
_2embne
_911723
852 _aES-MaACL
_jC-2456-58
852 _aES-MaACL
_jB-2328-29
_z.- Vol. I y II
999 _c185924
_d185924